Pular para o conteúdo

Новый исторический вестник, 2004, №2 (11) Журнал

Na minha lista:
Detalhes bibliográficos
Formato: Журнал
Edição:1
Acesso em linha:https://znanium.com/catalog/document?id=295687
https://znanium.com/cover/0432/432711.jpg
Tags: Adicionar Tag
Sem tags, seja o primeiro a adicionar uma tag!
LEADER 01108nam0a2200241 i 4500
001 RU\infra-m\znanium\bibl\432711
003 https://znanium.com/catalog/document?id=295687
005 20210119000000.0
100 |a 20210119d2013 m y0rusy0150 ca 
101 0 |a rus 
102 |a RU 
200 1 |a Новый исторический вестник, 2004, №2 (11)  |e Журнал 
205 |a 1 
210 1 |a Москва  |c ООО "Издательство Ипполитова"  |d 2004 
215 |a 234 с. 
333 |a Аспирантура 
606 |a История. Исторические науки  |x Общие работы по истории России  |2 local 
608 |a Журнал  |2 local 
675 |a 9447  |z rus 
686 |a 6332  |2 rubbk 
801 0 |a RU  |b Общество с ограниченной ответственностью «ЗНАНИУМ»  |c 20130815  |2 rusmarc 
856 4 |a znanium.com  |m ebs_support@infra-m.ru  |n НИЦ ИНФРА-М  |u https://znanium.com/catalog/document?id=295687 
856 4 1 |a znanium.com  |d /cover/0432  |f 432711.jpg  |q image/jpeg  |u https://znanium.com/cover/0432/432711.jpg